2023 MLB Postseason Teams - Statistics

General Stats
  • This quiz has been taken 183 times
  • The average score is 11 of 12
Answer Stats
Seed Team % Correct
5 Texas Rangers World Series Champions
99%
2 Houston Astros ALCS
96%
2 Los Angeles Dodgers NLDS
95%
6 Arizona Diamondbacks World Series
94%
1 Atlanta Braves NLDS
94%
1 Baltimore Orioles ALDS
93%
4 Philadelphia Phillies NLCS
91%
4 Tampa Bay Rays ALWC
89%
3 Minnesota Twins ALDS
88%
3 Milwaukee Brewers NLWC
85%
6 Toronto Blue Jays ALWC
84%
5 Miami Marlins NLWC
81%
No matching quizzes found
Score Distribution
Percent of People with Each Score
Percentile by Number Answered
Your Score History
You have not taken this quiz